Statistics for Municipalities of Ashland County, Wisconsin

Click here to take the quiz!

General Stats

  • This quiz has been taken 11 times
  • The average score is 16 of 26

Answers on the Map

Answers color-coded by a green-red scale on the quiz's map according to % correct below.
 

Answer Stats

Answer% Correct
City of Ashland
100%
Town of Ashland
100%
Census Designated Place of Diaperville
80%
Census Designated Place of Odanah
80%
City of Mellen
80%
Village of Butternut
80%
Census Designated Place of Clam Lake
60%
Census Designated Place of Jolmaville
60%
Census Designated Place of Marengo
60%
Census Designated Place of New Odanah
60%
Town of Agenda
60%
Town of Chippewa
60%
Town of Jacobs
60%
Town of La Pointe
60%
Town of Marengo
60%
Town of Morse
60%
Town of Sanborn
60%
Town of White River
60%
Census Designated Place of Bayfront
40%
Census Designated Place of Birch Hill
40%
Census Designated Place of Franks Field
40%
Census Designated Place of Glidden
40%
Town of Gingles
40%
Town of Gordon
40%
Town of Peeksville
40%
Town of Shanagolden
40%

Score Distribution

Percentile by Number Answered

Percent of People with Each Score

Your Score History

You have not taken this quiz